000 02641nam a2200337uu 4500
001 1468356
005 20260512101105.0
008 170704nuuuuuuuu spa
020 _a9789585796485
035 _a1468356
040 _ccomduadb
041 _aspa
050 4 _aN
082 4 _a334
100 1 0 _aSalgado Cañaveral, Oswaldo Antonio
_4res
_eres
_9278369
245 1 0 _aPolítica pública de economía solidaria en el contexto de planeación local y presupuesto participativo de Medellín 2008-2015 : evaluación de su efectividad
260 _bPersonería de Medellín ;
_aMedellín :
_bFundación Universitaria Luis Amigó (FUNLAM),
_c2015.
300 _a201 páginas
505 _aCONTENIDO: 1. Memoria metodológica -- 2. La política pública de economía solidaria: desarrollos y perspectiva -- 3. Contexto de economía solidaria para la interpretación de la política pública de economía solidaria en Medellín desde la perspectiva de los planes de desarrollo para Medellín del 2008-2014 -- 4. Sentidos y significados de la efectividad de la política pública de economía solidaria en Medellín: una perspectiva evaluativa.
520 3 _aRESUMEN: El presente libro es resultado de la investigación denominada "Evaluación de la efectividad de la política pública de economía solidaria 2008-2015, según indicadores de planes de desarrollo 2008-2011(Medellín es solidaria y competitiva) y 2012-2015 (Medellín un hogar para la vida)", realizada en convenio entre la personería de Medellín y los grupos de investigación Economía Solidaria -ECOSOL- y Gestión de Organizaciones -GORAS- de la fundación Universitaria Luis Amigó-Funlam-, la cual obedece al interés de analizar los resultados en la ejecución de la política pública de economía solidaria, desde los dos últimos planes de desarrollo de la ciudad de Medellín y reconocer los efectos de corto y mediano plazo producidos por el programa de planeación local -PL- y presupuesto participativo -PP- del Municipio.
650 _aEconomía solidaria - Medellin
_9105542
650 _aPlanificación regional
_932204
650 _aPresupuesto participativo - Medellín (Antioquia, Colombia)
_9216061
650 7 _aPolíticas públicas
_zMedellín (Antioquia, Colombia)
_2embne
_9159129
700 1 0 _aArboleda Álvarez, Olga Lucía
_4res
_eres
_9320322
700 1 0 _aÁlzate Cárdenas, Martha del Socorro
_4res
_eres
_9269315
700 1 0 _aPeralta Robledo, Guiomar Bibiana
_4res
_eres
_9401902
700 1 0 _aPareja Mesa, Martha Ligia
_4res
_eres
_9309969
700 1 0 _aZabala Salazar, Hernando Emilio
_4aui
_eaui
_9377075
942 _cBOOK
999 _c763479
_d763479